| 000 | 02080cam a22001934a 4500 | ||
|---|---|---|---|
| 005 | 20250605165244.0 | ||
| 008 | 250528s ||||||||||||||||||||||||d | ||
| 035 | _a23583 | ||
| 040 |
_aGR-AtMCL _bgre _dGR-AtMCL _eAACR2 |
||
| 245 | 1 | _aΤο Marketing Plan μιας Διαφορετικής Εταιρείας Παροχής Υπηρεσιών Logistics | |
| 260 | _c2017 | ||
| 300 | _a82 | ||
| 520 | _aΕισαγωγή, Logistics, Marketing and Marketing Plan, Στρατηγική Τοποθέτησης Νέων Προϊόντων, Καινοτομία, Τι Είναι το 3PL, Σχεδιασμός Blueprint Επιχείρησης 3PL, Στρατηγική, Σχεδιασμός Έρευνας και Μεθοδολογία, Φιλοσοφία Έρευνας, Σχεδιασμός Έρευνας, Μέθοδοι Συλλογής Δεδομένων, Η Α ναγκαιότητα της Έρευνας, Προφίλ Συμμετεχόντων, Διδικασία, Ηθική, Ευρήματα - Αποτελέσματα Ανάλυση, Επικράτουσα Κατάσταση, Οι Σημερινές Ανάγκες της Αγοράς, Χρήση Νεών Τεχνολογιών, Βιώσιμες Λύσεις, Συμπεράσματα και Προτάσεις, Σχέδιο Μάρκετινγκ (Marketing Plan), Το Προϊόν-Υπηρεσία, Η Υπηρεσία με την Marketing Διάσταση, Ανάλυση Υφιστάμενης Κατάστασης, Ανάλυση Οικονομικού Περιβάλλοντος, Ανάλυση Υφιστάμενης Κατάστασης, Ανάλυση SWOT, Στρατηγικές Κατεύθυνσης, Στρατηγική, Τακτικές, Ενέργειες Σχεδιασμού, Πρτουπολογισμός/ Budget, Προσωπικός Αναστοχασμός, Βιβλιογραφία - Αναφορές - Πηγές. | ||
| 700 | 1 |
_aΑδαμόπουλος Βασίλης _99170 |
|
| 700 | 1 |
_aΘεοδωρόπουλος Ανδρέας _93878 |
|
| 942 | _cDS | ||
| 999 |
_c8584 _d8584 |
||